Comprehensive laboratory manual of life sciences (Record no. 395199)
[ view plain ]
| 000 -LEADER | |
|---|---|
| fixed length control field | 00571 a2200217 4500 |
| 005 - DATE & TIME | |
| control field | 20260202164211.0 |
| 008 - FIXED-LENGTH DATA ELEMENTS--GENERAL INFORMATION | |
| fixed length control field | 260202b |||||||| |||| 00| 0 eng d |
| 020 ## - ISBN | |
| International Standard Book Number | 9789386652300 |
| Price | Rs. 3995.00 |
| 040 ## - CATALOGING SOURCE | |
| Original cataloging agency | VIVEKANANDA LIBRARY |
| 082 ## - DDC NUMBER | |
| Classification number | 570.78 |
| Book Number | B327 |
| 100 ## - MAIN ENTRY--PERSONAL NAME | |
| Personal name | Baunthiyal, Mamta |
| 245 ## - TITLE STATEMENT | |
| Title | Comprehensive laboratory manual of life sciences |
| 260 ## - PUBLICATION, DISTRIBUTION, ETC. (IMPRINT) | |
| Name of publisher, distributor, etc | Scientific Publishers |
| Date of publication, distribution, etc | 2024 |
| Place of publication, distribution, etc | Jodhpur |
| 300 ## - PHYSICAL DESCRIPTION | |
| Pages | xix, 458 |
| 650 ## - Subject | |
| Subject | Life Sciences |
| 650 ## - Subject | |
| Subject | Microbiology |
| 650 ## - Subject | |
| Subject | Biochemistry |
| 700 ## - Added Entry Personal Name | |
| Added Entry Personal Name | Indu Ravi |
| 700 ## - Added Entry Personal Name | |
| Added Entry Personal Name | Jyoti Saxena |
| 942 ## - ADDED ENTRY ELEMENTS (KOHA) | |
| Koha item type | Books |
| Withdrawn status | Lost status | Source of classification or shelving scheme | Damaged status | Not for loan | Location (home branch) | Sublocation or collection (holding branch) | Shelving location | Date acquired | Koha issues (times borrowed) | Koha full call number | Accession No. | Koha date last seen | Koha item type |
|---|---|---|---|---|---|---|---|---|---|---|---|---|---|
| Dewey Decimal Classification | VIVEKANANDA LIBRARY | VIVEKANANDA LIBRARY | Vivekananda Library | 06/01/2026 | 570.78 B327 | 444119 | 06/01/2026 | Books |
